Statistics for Paris True or False

Click here to take the quiz!

General Stats

  • This quiz has been taken 26,008 times
  • The average score is 13 of 15

Answer Stats

QuestionAnswer% Correct
Paris lies on the River SeineTrue
95%
Paris borders the seaFalse
94%
A person from Paris is known as a "Parisite"False
93%
Paris is located in the northern half of FranceTrue
92%
In the French language, the "s" in Paris is silentTrue
92%
"Le Monde" is a major newspaper based in ParisTrue
91%
Arabic is now the most common language spoken in ParisFalse
88%
Paris has never been captured by a foreign invaderFalse
87%
Millions of human skeletons were dug up and reburied in the Catacombs due to cemetery overcrowding in the 1700sTrue
86%
Versailles lies less than 50 km away from ParisTrue
84%
Near the Louvre, there is a giant golden statue of Louis XIV which always rotates to face the sun.False
81%
Cars are not allowed in central ParisFalse
80%
The Eiffel Tower is the tallest structure in ParisTrue
73%
The Louvre was built during the reign of NapoleonFalse
63%
Paris is named after a Trojan prince from the IliadFalse
56%

Score Distribution

Percentile by Number Answered

Percent of People with Each Score

Your Score History

You have not taken this quiz